| 000 | 00364nam a22001457a 4500 | ||
|---|---|---|---|
| 005 | 20170816103904.0 | ||
| 008 | 170816b xxu||||| |||| 00| 0 eng d | ||
| 040 | _cPK-LaUMT | ||
| 082 |
_aZIAC 279.265 _bMUZ-S |
||
| 100 | _aMuzaffar Iqbal | ||
| 245 |
_aScience and Islam/ _cMuzaffar Iqbal |
||
| 260 |
_aLondon: _bGreenwood, _c2007 |
||
| 300 | _a233 p. | ||
| 942 | _cBK | ||
| 999 |
_c97153 _d97153 |
||